Cargando…

Adolphe Gouhenant : French Revolutionary, Utopian Leader, and Texas Frontier Photographer /

"Book is a biography of Francois Ignace Gouhenant (1804-1871), who was a pro-labor activist in France, then emigrated to Texas to found a utopian colony, then became one of the founders of Dallas and a photographer of early sites in Dallas and North Texas. He changed his first name to Adolphe i...

Descripción completa

Detalles Bibliográficos
Autores principales: Selzer, Paula, 1961- (Autor), Pecontal, E. (Emmanuel) (Autor)
Autor Corporativo: Project Muse
Formato: Electrónico eBook
Idioma:Inglés
Publicado: Denton : UNT Press, [2019]
Colección:Book collections on Project MUSE.
Temas:
Acceso en línea:Texto completo

MARC

LEADER 00000cam a22000004a 4500
001 musev2_71659
003 MdBmJHUP
005 20230905051401.0
006 m o d
007 cr||||||||nn|n
008 190617s2019 txu o 00 0 eng d
020 |a 9781574417791 
020 |z 9781574417692 
035 |a (OCoLC)1128204094 
040 |a MdBmJHUP  |c MdBmJHUP 
100 1 |a Selzer, Paula,  |d 1961-  |e author. 
245 1 0 |a Adolphe Gouhenant :   |b French Revolutionary, Utopian Leader, and Texas Frontier Photographer /   |c Paula Selzer and Emmanuel Pecontal. 
264 1 |a Denton :  |b UNT Press,  |c [2019] 
264 3 |a Baltimore, Md. :  |b Project MUSE,   |c 2019 
264 4 |c ©[2019] 
300 |a 1 online resource (464 pages):   |b illustrations, maps. 
336 |a text  |b txt  |2 rdacontent 
337 |a computer  |b c  |2 rdamedia 
338 |a online resource  |b cr  |2 rdacarrier 
490 0 |a Number 3 in the Texas Local Series 
505 0 |a The Early Years in France (1804-1848): A Temple for the Arts and Sciences -- The Birth of a Political Ideology -- A Conspiracy in Toulouse -- Caught in the Dragnet -- The Trial -- A Long Journey (1848): A Utopian Paradise in Texas -- Journey to Icaria -- Walking across Texas -- Letters and Accusations -- A Second Life in Texas (1848-1871): A Rebirth on the Frontier -- The Arts Saloon -- Two Frenchmen and a Funeral -- Family Reunions and More Socialists -- A Wanderer by Vocation -- A Painful Era -- A Wanderer Rests -- Epilogue. 
520 |a "Book is a biography of Francois Ignace Gouhenant (1804-1871), who was a pro-labor activist in France, then emigrated to Texas to found a utopian colony, then became one of the founders of Dallas and a photographer of early sites in Dallas and North Texas. He changed his first name to Adolphe in his twenties"--  |c Provided by publisher. 
588 |a Description based on print version record. 
600 1 7 |a Gouhenant, Adolphe.  |2 fast  |0 (OCoLC)fst00418708 
600 1 0 |a Gouhenant, Adolphe. 
650 7 |a Socialists.  |2 fast  |0 (OCoLC)fst01123754 
650 7 |a Political activists.  |2 fast  |0 (OCoLC)fst01069192 
650 7 |a Photographers.  |2 fast  |0 (OCoLC)fst01061605 
650 7 |a Intellectual life.  |2 fast  |0 (OCoLC)fst00975769 
650 7 |a Icarian movement.  |2 fast  |0 (OCoLC)fst00966498 
650 7 |a Artists.  |2 fast  |0 (OCoLC)fst00817559 
650 6 |a Artistes  |z États-Unis  |v Biographies. 
650 6 |a Photographes  |z États-Unis  |v Biographies. 
650 6 |a Activistes  |z États-Unis  |v Biographies. 
650 6 |a Icariens (Communistes)  |z France  |x Histoire  |y 19e siecle. 
650 6 |a Icariens (Communistes)  |z Texas  |x Histoire  |y 19e siecle. 
650 0 |a Artists  |z United States  |v Biography. 
650 0 |a Photographers  |z United States  |v Biography. 
650 0 |a Political activists  |z United States  |v Biography. 
650 0 |a Socialists  |z United States  |v Biography. 
650 0 |a Icarian movement  |z France  |x History  |y 19th century. 
650 0 |a Icarian movement  |z Texas  |x History  |y 19th century. 
651 7 |a United States.  |2 fast  |0 (OCoLC)fst01204155 
651 7 |a Texas  |z Dallas.  |2 fast  |0 (OCoLC)fst01204635 
651 7 |a Texas.  |2 fast  |0 (OCoLC)fst01210336 
651 7 |a France.  |2 fast  |0 (OCoLC)fst01204289 
651 0 |a Dallas (Tex.)  |x Intellectual life  |y 19th century. 
651 0 |a Dallas (Tex.)  |x History  |y 19th century. 
651 0 |a Dallas (Tex.)  |v Biography. 
655 7 |a History.  |2 fast  |0 (OCoLC)fst01411628 
655 7 |a Biographies.  |2 fast  |0 (OCoLC)fst01919896 
655 7 |a Electronic books.   |2 local 
700 1 |a Pecontal, E.  |q (Emmanuel),  |e author. 
710 2 |a Project Muse. 
710 2 |a Project Muse.  |e distributor 
830 0 |a Book collections on Project MUSE. 
856 4 0 |z Texto completo  |u https://projectmuse.uam.elogim.com/book/71659/ 
945 |a Project MUSE - Custom Collection 
945 |a Project MUSE - 2019 Complete 
945 |a Project MUSE - 2019 Film, Theater and Performing Arts